| 000 | 01887nam a22004334i 4500 | ||
|---|---|---|---|
| 999 |
_c64623 _d64623 |
||
| 001 | bimo0001210673 | ||
| 003 | SpMaBN | ||
| 005 | 20181012095155.0 | ||
| 008 | 930725s1975 sp spa | ||
| 017 |
_aM 10277-1975 _bOficina Depósito Legal Madrid |
||
| 020 | _a8470713744 | ||
| 040 |
_aSpMaBN _bspa _cCO-MdFUSB _dCO-MdFUSBC _erda |
||
| 041 | _aspa | ||
| 080 | 0 | _a232.1 | |
| 082 |
_223 _a232.12 _bM936 |
||
| 100 | 1 |
_aMowinckel, Sigmund Olaf Plytt _eautor |
|
| 240 | _aHan som Kommer | ||
| 245 | 1 | 3 |
_aEl que ha de venir _b: Mesianismo y Mesías _c/ Sigimund Mowinckel ; traductor Luis Gómez |
| 264 |
_aMadrid, España : _bFax, _c℗[1975] |
||
| 300 |
_a556 páginas ; _c22 cm |
||
| 336 |
_2rdacontent _atexto _btxt |
||
| 337 |
_2rdamedia _asin mediación _bn |
||
| 338 |
_2rdacarrier _avolumen _bnc |
||
| 490 | 1 | _aActualidad Bíblíca | |
| 500 | _aEl original noruego de esta obra fue publicado en 1951 por G.E.C. Gad, de Copenague, bajo el título Han som kommer. | ||
| 504 | _aIncluye notas adicionales (página 491) Incluye índice bíblico (página 511) Incluye índice de autores (página 540) Incluye índice de conceptos (página 546) | ||
| 505 | _aPrefacio del autor a la edición inglesa -- Índice sistemático -- Abreviaturas -- Bibliografía -- Primera parte. El Rey futuro en la primitiva escatología judaica -- Segunda parte. El Mesías en el judaísmo tardío | ||
| 563 | _aTapa rústica | ||
| 650 | 7 |
_aMesías _xProfecías |
|
| 700 |
_aGómez, Luis _etraductor |
||
| 830 |
_aActualidad Bíblíca _vVol. 38 |
||
| 942 | _cBK | ||
| 956 | _a1 2 | ||
| 980 |
_aM-BN _bBNMADRID _j4/122281 _cSG_RECOLET |
||
| 980 |
_aM 10277-1975 _a84-7071-374-4 _aM-BN _bBNALCALA _jAHM/578425 _d232 MOW ELQU _cSALA_ALC |
||
| 980 |
_aM-BN _bBNALCALA _jDL/37725 _cCONSERVACI |
||